Light (Record no. 15810)

000 -LEADER
fixed length control field 00520nam a22002051 4500
001 - CONTROL NUMBER
control field 15810
003 - CONTROL NUMBER IDENTIFIER
control field BD-DhUET
008 - FIXED-LENGTH DATA ELEMENTS--GENERAL INFORMATION
fixed length control field 921020s1963 enk 000 0 eng d
040 ## - CATALOGING SOURCE
Original cataloging agency DLC
Transcribing agency DLC
Modifying agency BD-DhUET
082 ## - DEWEY DECIMAL CLASSIFICATION NUMBER
Classification number 535
Item number DIT/1963
100 1# - MAIN ENTRY--PERSONAL NAME
Personal name Ditchburn, R. W.
245 10 - TITLE STATEMENT
Title Light
250 ## - EDITION STATEMENT
Edition statement 2nd ed.
260 ## - PUBLICATION, DISTRIBUTION, ETC. (IMPRINT)
Place of publication, distribution, etc. London
Name of publisher, distributor, etc. Blackie & Son
Date of publication, distribution, etc. 1963
300 ## - PHYSICAL DESCRIPTION
Extent xii, 833 p.
Other physical details ill.
490 ## - SERIES STATEMENT
Series statement Titles in the E. L. B. S. Low-Priced textbook series
504 ## - BIBLIOGRAPHY, ETC. NOTE
Bibliography, etc Includes bibliographies
650 #0 - SUBJECT ADDED ENTRY--TOPICAL TERM
Topical term or geographic name as entry element Light
942 ## - ADDED ENTRY ELEMENTS (KOHA)
Koha item type General Book
Holdings
Source of classification or shelving scheme Piece designation (barcode) Date acquired Location (home branch) Withdrawn status Koha item type Not for loan Koha full call number Damaged status Price effective from Koha date last seen Koha normalized classification for sorting Sublocation or collection (holding branch) Lost status Shelving location Copy number
 134532015-03-15Central Library, BUET General Book 535/DIT/1963 2015-03-152015-03-15535_000000000000000_DIT_1963Central Library, BUET Circulation section1
 134502015-03-19Central Library, BUET General Book 535/DIT/1963 2015-03-192015-03-19535_000000000000000_DIT_1963Central Library, BUET Circulation section2
 208262015-03-19Central Library, BUET General Book 535/DIT/1963 2015-03-192015-03-19535_000000000000000_DIT_1963Central Library, BUET Circulation section3
 169782015-03-21Central Library, BUET General Book 535/DIT/1963 2015-03-212015-03-21535_000000000000000_DIT_1963Central Library, BUET Circulation section4
 134512015-03-21Central Library, BUET General Book 535/DIT/1963 2015-03-212015-03-21535_000000000000000_DIT_1963Central Library, BUET Circulation section5
 208252015-03-21Central Library, BUET General Book 535/DIT/1963 2015-03-212015-03-21535_000000000000000_DIT_1963Central Library, BUET Circulation section6
 52412015-03-21Central Library, BUET General Book 535/DIT/1963 2015-03-212015-03-21535_000000000000000_DIT_1963Central Library, BUET Circulation section7
 134522015-03-21Central Library, BUET General Book 535/DIT/1963 2015-03-212015-03-21535_000000000000000_DIT_1963Central Library, BUET Circulation section8